<?xml version="1.0" encoding="UTF-8"?>
<record
    xmlns:xsi="http://www.w3.org/2001/XMLSchema-instance"
    xsi:schemaLocation="http://www.loc.gov/MARC21/slim http://www.loc.gov/standards/marcxml/schema/MARC21slim.xsd"
    xmlns="http://www.loc.gov/MARC21/slim">

  <leader>01848nab a2200277   4500</leader>
  <controlfield tag="003">AR-RoBPED</controlfield>
  <controlfield tag="005">20260407112831.0</controlfield>
  <controlfield tag="008">260407b        |||||||| |||| 00| 0 spa d</controlfield>
  <datafield tag="040" ind1=" " ind2=" ">
    <subfield code="a">AR-RoBPED</subfield>
  </datafield>
  <datafield tag="041" ind1=" " ind2=" ">
    <subfield code="a">spa</subfield>
  </datafield>
  <datafield tag="100" ind1="1" ind2=" ">
    <subfield code="a">Devalle, Anal&#xED;a</subfield>
    <subfield code="9">30714</subfield>
    <subfield code="e">Psicoanalista y licenciada en Ciencias de la Educaci&#xF3;n</subfield>
  </datafield>
  <datafield tag="245" ind1="1" ind2=" ">
    <subfield code="a">Conflictos entre familias y escuela :</subfield>
    <subfield code="b">un abordaje posible /</subfield>
  </datafield>
  <datafield tag="260" ind1=" " ind2=" ">
    <subfield code="a">Buenos Aires :</subfield>
    <subfield code="b">Noveduc,</subfield>
    <subfield code="c">2025</subfield>
  </datafield>
  <datafield tag="300" ind1=" " ind2=" ">
    <subfield code="a">27-29 p.</subfield>
  </datafield>
  <datafield tag="500" ind1=" " ind2=" ">
    <subfield code="a">Desde el equipo de orientaci&#xF3;n de una escuela, las autoras dan cuenta de la creaci&#xF3;n de un dispositivo dirigido a familias con el prop&#xF3;sito de armar consensos entre adultos en relaci&#xF3;n con situaciones conflictivas que ocurren entre estudiantes. Se apuesta a la construcci&#xF3;n de referencias comunes respecto a la funci&#xF3;n de los adultos al momento de abordarlas. Cabe se&#xF1;alar que dichas situaciones conflictivas acontecen por fuera de la instituci&#xF3;n, pero inciden directamente en la convivencia escolar. Hechos que suceden en un espacio "entre" (Devalle,2023) el campo de acci&#xF3;n de las familias y el campo escolar, que da cuenta de un tiempo de transformaci&#xF3;n de las instituciones y de la necesidad de reinventar pr&#xE1;cticas. El dispositivo tambi&#xE9;n se propone advertir que las familias de una cohorte son un grupo con impacto y responsabilidad en el grupo clase.</subfield>
  </datafield>
  <datafield tag="650" ind1=" " ind2="7">
    <subfield code="a">EQUIPO EDUCACIONAL</subfield>
    <subfield code="9">1163</subfield>
  </datafield>
  <datafield tag="650" ind1=" " ind2="7">
    <subfield code="a">ESCUELA</subfield>
    <subfield code="9">20136</subfield>
  </datafield>
  <datafield tag="650" ind1=" " ind2="7">
    <subfield code="a">FAMILIA</subfield>
    <subfield code="9">201</subfield>
  </datafield>
  <datafield tag="650" ind1=" " ind2="7">
    <subfield code="a">ESTUDIANTES</subfield>
    <subfield code="9">11380</subfield>
  </datafield>
  <datafield tag="650" ind1=" " ind2="7">
    <subfield code="a">CONFLICTOS EN EL AULA</subfield>
    <subfield code="9">16554</subfield>
  </datafield>
  <datafield tag="650" ind1=" " ind2="7">
    <subfield code="a">CONVIVENCIA</subfield>
    <subfield code="9">911</subfield>
  </datafield>
  <datafield tag="700" ind1="1" ind2=" ">
    <subfield code="a">Frohmann, B&#xE1;rbara</subfield>
    <subfield code="9">30716</subfield>
    <subfield code="e">Psicologa y docente de nivel primario</subfield>
  </datafield>
  <datafield tag="773" ind1="0" ind2=" ">
    <subfield code="0">20414</subfield>
    <subfield code="9">41867</subfield>
    <subfield code="d">Buenos Aires :  Noveduc,  1993-</subfield>
    <subfield code="t">Novedades Educativas</subfield>
    <subfield code="w">(AR-RoBPED)20414</subfield>
    <subfield code="x">03283534</subfield>
  </datafield>
  <datafield tag="942" ind1=" " ind2=" ">
    <subfield code="2">udc</subfield>
    <subfield code="c">REV</subfield>
    <subfield code="h">37(05)</subfield>
    <subfield code="m">Nov 86 N&#xB0; 400 (Febr.2025)</subfield>
    <subfield code="a">k.32509</subfield>
  </datafield>
  <datafield tag="945" ind1=" " ind2=" ">
    <subfield code="a">mar 04/2026</subfield>
  </datafield>
  <datafield tag="999" ind1=" " ind2=" ">
    <subfield code="c">32509</subfield>
    <subfield code="d">32509</subfield>
  </datafield>
</record>
